000 01194nam a2200229Ii 4500
003 JO-AjNU
008 230605s9999||||xx |||||||||||||| ||und||
017 _a2002/15534
020 _a9775677076
040 _aJO-AjNU
_bara
_erda
_cJO-AjNU
041 _aara
050 1 4 _aKZ6471.2002
100 3 _aإعداد شريف عتلم، محمد ماهر عبدالواحد,
_eauthor
_947308
245 0 0 _aموسوعة اتفاقيات القانون الدولي الإنساني : النصوص الرسمية للاتفاقيات والدول المصدقة والموقعة
250 _aط10
264 3 1 _aالقاهرة: بعثة اللجنة الدولية للصليب الأحمر، 2002
300 _a808ص
336 _atext
_btxt
_2rdacontent
337 _aunmediated
_bn
_2rdamedia
338 _avolume
_bnc
_2rdacarrier
650 4 _aالقانون الدولي العام -- القانون الانساني-- الحرب الكيميائية -- الحرب البيولوجية-- جرائم الحرب -- حقوق الأطفال -- السياسة الدولية قرن 20-- القانون الدولي الجنائي -- أسرى الحرب -- وضع قانونيقوانين
_947309
999 _aA20642
_c24210
_d24210